Southville International School and Colleges
Your cart is empty.
  • Cart
  • Lists
    Public lists Eva Luna New books Lux_list list_1
    Your lists Log in to create your own lists
  • Log in to your account
  • Your cookies
  • Search history
Southville International School and Colleges
  • Advanced search
  • Recent comments
  • Most popular
  • Libraries

Log in to your account

Log in with GOOGLE


If you do not have an external account, but do have a local account, you can still log in:

  1. Home
  2. MARC view: Essentials of marketing :
Normal view MARC view ISBD view

Essentials of marketing : (Record no. 15892)

[ view plain ]
MARC details
000 -LEADER
fixed length control field 01020pam a2200301 a 4500
001 - CONTROL NUMBER
control field 4415746
003 - CONTROL NUMBER IDENTIFIER
control field OSt
005 - DATE AND TIME OF LATEST TRANSACTION
control field 20140310182757.0
008 - FIXED-LENGTH DATA ELEMENTS--GENERAL INFORMATION
fixed length control field 930720s1994 ilua b 001 0 eng
010 ## - LIBRARY OF CONGRESS CONTROL NUMBER
LC control number 93029973
020 ## - INTERNATIONAL STANDARD BOOK NUMBER
International Standard Book Number 0256127468
040 ## - CATALOGING SOURCE
Original cataloging agency DLC
Transcribing agency DLC
Modifying agency DLC
050 00 - LIBRARY OF CONGRESS CALL NUMBER
Classification number HF 5415
Item number .M378 1994
100 1# - MAIN ENTRY--PERSONAL NAME
Personal name McCarthy, E. Jerome
Fuller form of name (Edmund Jerome)
245 10 - TITLE STATEMENT
Title Essentials of marketing :
Remainder of title a global-managerial approach /
Statement of responsibility, etc E. Jerome McCarthy, William D. Perreault, Jr.
250 ## - EDITION STATEMENT
Edition statement 6th ed.
260 ## - PUBLICATION, DISTRIBUTION, ETC. (IMPRINT)
Place of publication, distribution, etc Burr Ridge, Ill. :
Name of publisher, distributor, etc Irwin,
Date of publication, distribution, etc 1994.
300 ## - PHYSICAL DESCRIPTION
Extent xxiii, 552 p. :
Other physical details ill. (some col.) :
Dimensions 26 cm.
440 #0 - SERIES STATEMENT/ADDED ENTRY--TITLE
Title Irwin series in marketing
504 ## - BIBLIOGRAPHY, ETC. NOTE
Bibliography, etc Includes bibliographical references (p. 503-528) and indexes.
521 ## - TARGET AUDIENCE NOTE
Target audience note
650 #0 - SUBJECT ADDED ENTRY--TOPICAL TERM
Topical term or geographic name as entry element Marketing.
700 1# - ADDED ENTRY--PERSONAL NAME
Personal name Perreault, William D.
906 ## - LOCAL DATA ELEMENT F, LDF (RLIN)
a 7
b cbc
c orignew
d 1
e ocip
f 19
g y-gencatlg
942 ## - ADDED ENTRY ELEMENTS (KOHA)
Source of classification or shelving scheme Library of Congress Classification
Koha item type Books
Call number prefix Foreign
Holdings
Withdrawn status Lost status Source of classification or shelving scheme Damaged status Home library Current library Shelving location Date acquired Total Checkouts Full call number Barcode Date last seen Copy number Price effective from Koha item type
    Library of Congress Classification   College Library College Library General Circulation Section 12/04/2013   HF 5415 .M378 1994 C7773 05/15/2018 1 12/04/2013 Books

Essentials of marketing :

APA

McCarthy E. J., Perreault W. D., . (1994). Essentials of marketing. Burr Ridge, Ill: Irwin.

Chicago

McCarthy E Jerome, Perreault William D, . 1994. Essentials of marketing. Burr Ridge, Ill: Irwin.

Harvard

McCarthy E. J., Perreault W. D., . (1994). Essentials of marketing. Burr Ridge, Ill: Irwin.

MLA

McCarthy E Jerome, Perreault William D, . Essentials of marketing. Burr Ridge, Ill: Irwin. 1994.

  • Place hold
  • Print
  • Cite
  • Add to your cart (remove)
  • Save record
    BIBTEX Dublin Core MARCXML MARC (non-Unicode/MARC-8) MARC (Unicode/UTF-8) MARC (Unicode/UTF-8, Standard) MODS (XML) RIS
  • More searches
    Search for this title in:
    Other Libraries (WorldCat) Other Databases (Google Scholar) Online Stores (Bookfinder.com) Open Library (openlibrary.org)

Exporting to Dublin Core...

SOUTHVILLE LIBRARY

Southville International School and Colleges Library

1281 Tropical Ave. Cor. Luxembourg St., BF Homes International, Las Pinas City

Tel. No. 8256374 / 252358 Loc. 117/146

Powered by Koha